000 00870cem a2200301 4500
999 _c9957
_d9957
001 9957
003 BD-JhCC
005 20180403193652.0
008 180403s1964 ilu e eng
035 _a(BD-JhCC)9957
040 _aDLC
_cDLC
_dDLC
_dBD-JhCC
041 _aeng
050 0 0 _aG1019
_b.G67 1964
052 _a3200
082 0 0 _a912
_bGOO 1964
100 1 _aGoode, John Paul,
_d1862-1932.
240 1 0 _aSchool Atlas
245 1 0 _aGoode's world atlas /
_cEdited by Edward B. Espenshade, Jr.
250 _a12th ed.
260 _aChicago :
_bRand McNally,
_c1964.
300 _a1 atlas (xii, 288 p.)
_bcol. illus., col. maps.
_c29 cm.
500 _aFirst published in 1922 under title: Goode's School atlas.
650 0 _aAtlases.
700 1 _aEspenshade, Edward Bowman,
_d1910-
740 0 _aWorld atlas.
942 _2ddc
_cREF